| 000 | 01398nam a2200337 a 4500 | ||
|---|---|---|---|
| 001 | ebr10217022 | ||
| 003 | CaPaEBR | ||
| 006 | m u | ||
| 007 | cr cn||||||||| | ||
| 008 | 070814s2008 nbua sb 001 0 eng | ||
| 010 | _z 2007033591 | ||
| 020 | _z9780803243217 (cloth : alk. paper) | ||
| 040 |
_aCaPaEBR _cCaPaEBR |
||
| 035 | _a(OCoLC)221693248 | ||
| 043 |
_an-us-pa _an-us--- |
||
| 050 | 1 | 4 |
_aGV865.B45 _bS95 2008eb |
| 082 | 0 | 4 |
_a796.357092 _aB _222 |
| 100 | 1 | _aSwift, Tom. | |
| 245 | 1 | 0 |
_aChief Bender's burden _h[electronic resource] : _bthe silent struggle of a baseball star / _cTom Swift. |
| 260 |
_aLincoln : _bUniversity of Nebraska Press, _cc2008. |
||
| 300 |
_a339 p. : _bill. |
||
| 504 | _aIncludes bibliographical references and index. | ||
| 533 |
_aElectronic reproduction. _bPalo Alto, Calif. : _cebrary, _d2013. _nAvailable via World Wide Web. _nAccess may be limited to ebrary affiliated libraries. |
||
| 600 | 1 | 0 |
_aBender, Charles Albert, _d1883-1954. |
| 610 | 2 | 0 |
_aPhiladelphia Athletics (Baseball team) _vBiography. |
| 650 | 0 |
_aBaseball players _zPennsylvania _zPhiladelphia _vBiography. |
|
| 650 | 0 |
_aIndian baseball players _zUnited States _vBiography. |
|
| 655 | 7 |
_aElectronic books. _2local |
|
| 710 | 2 | _aebrary, Inc. | |
| 856 | 4 | 0 |
_uhttp://site.ebrary.com/lib/rucke/Doc?id=10217022 _zAn electronic book accessible through the World Wide Web; click to view |
| 999 |
_c231504 _d231504 |
||